|
|
|
|
| LEADER |
00000cam a2200000 a 4500 |
| 001 |
vtls011601457 |
| 003 |
SK-MaSNL |
| 005 |
20260301093255.0 |
| 008 |
180122s2016 xo o e c 000 0 dut |
| 015 |
|
|
|a SNBE2018
|
| 020 |
|
|
|a 9788097243487 (brož.)
|
| 040 |
|
|
|a SNK
|b slo
|c SNK
|e AACR2
|
| 041 |
1 |
|
|a dut
|a eng
|
| 043 |
|
|
|a e-be---
|
| 044 |
|
|
|a xo
|c SK
|
| 072 |
|
7 |
|a 72/76
|x Výtvarné umenie
|2 konspekt
|
| 080 |
|
|
|a 069.9
|2 2011
|
| 080 |
|
|
|a (493)
|2 2011
|
| 080 |
|
|
|a (083.82)
|2 2011
|
| 080 |
|
|
|a 72/76:069.9
|2 2011
|
| 080 |
|
|
|a 76
|2 2011
|
| 080 |
|
|
|a 7.036/.038
|2 2011
|
| 080 |
|
|
|a (082.2)
|2 2011
|
| 245 |
0 |
0 |
|a Epreuve d'Artiste 1991-2016
|b Grafiekgalerie Antwerpen - België : 1991-2016
|c [catalouge editor Zora Petrášová ; conception of cataloque Chris Verheyen ; translation Andrea Babčanová, Nan Muder ; photography Georges Claes ... [et al.]]
|
| 260 |
|
|
|a [Piešťany]
|b Zora Petrášová
|c [2016]
|
| 300 |
|
|
|a 92 s.
|b fotogr., ilustr.
|c 28 cm
|
| 366 |
|
|
|e 200 výt.
|
| 500 |
|
|
|a Názov z obalu
|
| 546 |
|
|
|a Súbežný úvod angl.
|
| 610 |
2 |
7 |
|a Epreuve d'Artiste (Antverpy, Belgicko)
|2 SNKKA
|9 425389
|
| 648 |
|
7 |
|a 1991-2016
|2 SNKPH
|9 355515
|
| 650 |
0 |
7 |
|a galérie
|2 SNKPH
|9 21513
|
| 650 |
0 |
7 |
|a umelecké výstavy
|2 SNKPH
|9 89689
|
| 650 |
0 |
7 |
|a grafika
|2 SNKPH
|9 814
|
| 650 |
0 |
7 |
|a moderné umenie
|2 SNKPH
|9 68456
|
| 650 |
0 |
7 |
|a Art galleries
|2 SNKPHeng
|9 268036
|
| 650 |
0 |
7 |
|a Art exhibitions
|2 SNKPHeng
|9 275444
|
| 650 |
0 |
7 |
|a Prints
|2 SNKPHeng
|9 294897
|
| 650 |
0 |
7 |
|a Modern art
|2 SNKPHeng
|9 294689
|
| 651 |
|
7 |
|a Antverpy (Belgicko)
|2 SNKPH
|9 40736
|
| 651 |
|
7 |
|a Antwerp (Belgium)
|2 SNKPHeng
|9 425390
|
| 655 |
|
7 |
|a jubilejné publikácie
|2 SNKPH
|9 70339
|
| 655 |
|
7 |
|a Jubilee books
|2 SNKPHeng
|9 281827
|
| 655 |
|
7 |
|a katalógy
|2 SNKPH
|9 60821
|
| 655 |
|
7 |
|a Catalogs
|2 SNKPHeng
|9 266059
|
| 700 |
1 |
|
|a Petrášová, Zora,
|d 1955-
|4 edt
|4 pht
|9 112826
|
| 700 |
1 |
|
|a Verheyen, Chris
|4 oth
|9 425391
|
| 700 |
1 |
|
|a Babčanová, Andrea
|4 trl
|9 417170
|
| 700 |
1 |
|
|a Muder, Nan
|4 trl
|9 425392
|
| 700 |
1 |
|
|a Claes, Georges
|4 pht
|9 425393
|
| 852 |
|
|
|a Štátna vedecká knižnica v Banskej Bystrici
|
| 919 |
|
|
|a 978-80972434-8-7
|
| 999 |
|
|
|c 676513
|d 678443
|
| 952 |
|
|
|a SNK
|b SNK
|y PREZ
|7 0
|p 17A1219745
|o snkOSB 18579
|i snk2017/1956
|8 0
|0 0
|1 0
|4 0
|d 2017-01-23
|l 0
|r 2026-02-23 19:44:13
|w 2026-02-23
|
| 952 |
|
|
|a SNK
|b SNK
|y VYP
|7 0
|p 17A1219746
|o snkOSB 18579 D1
|i snk2017/1958
|8 0
|0 0
|1 0
|4 0
|d 2017-01-23
|l 0
|r 2026-02-23 19:44:13
|w 2026-02-23
|